000 00196nam a2200085Ia 4500
008 220204s9999 xx 000 0 und d
082 _a633.73(540)
_bCOF
245 0 _aIndian coffee board
942 _cBK
999 _c22308
_d22308